000 00301 a2200157 4500
001 170512
020 _a
040 _cMagnum
100 _aBrown, Pam
240 1 0 _aCharlie chaplin
_lpor
245 1 0 _aCharlie chaplin
362 0 _a1899
440 1 _aGlobo
697 _aBIOGRAFIA
942 _cBK
999 _c170512
_d170512